Statistics for Little Mix Songs

Click here to take the quiz!

General Stats

  • This quiz has been taken 142 times
    (102 since last reset)
  • The average score is 11 of 18

Answer Stats

YearPeakSongOther Featured Artist(s)% Correct
20182Woman Like MeNicki Minaj
94%
20121Wings
92%
20166Secret Love SongJason Derulo
88%
20151Black Magic
86%
20213Heartbreak AnthemGalantis and David Guetta
77%
20161Shout Out To My Ex
77%
20219ConfettiSaweetie
73%
20111Cannonball
71%
20174Touch
68%
20123DNA
64%
202110Kiss My (Uh-Oh)Anne-Marie
62%
20146Salute
62%
20211Sweet Melody
59%
20133Move
55%
20209Break Up Song
32%
201910Bounce Back
23%
20146Word Up!
21%
20175Reggaeton Lento (Bailemos)CNCO
2%

Score Distribution

Percentile by Number Answered

Percent of People with Each Score

Your Score History

You have not taken this quiz since the last reset